|
|
|
|
| LEADER |
00000nam2a2200000 4500 |
| 001 |
125350 |
| 005 |
20231031131330.0 |
| 010 |
|
|
|a 1571170466
|
| 035 |
|
|
|a (RuTPU)RU\TPU\book\135646
|
| 035 |
|
|
|a RU\TPU\book\135642
|
| 090 |
|
|
|a 125350
|
| 100 |
|
|
|a 20071115d2002 k y0engy50 ca
|
| 101 |
0 |
|
|a eng
|
| 102 |
|
|
|a US
|
| 105 |
|
|
|a a z 001zy
|
| 200 |
0 |
|
|a Vol. 4: Radiographic Testing
|
| 210 |
|
|
|d 2002
|
| 215 |
|
|
|a 691 p.
|c ил.
|
| 320 |
|
|
|a Glossary: p. 654-673.
|
| 320 |
|
|
|a References: p. 674.
|
| 320 |
|
|
|a Index: p. 675-690.
|
| 461 |
|
1 |
|0 (RuTPU)RU\TPU\book\136723
|t Nondestructive Testing Handbook
|f под ред. P. O. Moore
|v Vol. 4: Radiographic Testing
|e 3rd ed.
|d 1999-2005
|
| 610 |
1 |
|
|a материалы
|
| 610 |
1 |
|
|a материаловедение
|
| 610 |
1 |
|
|a исследование
|
| 610 |
1 |
|
|a испытание
|
| 610 |
1 |
|
|a дефекты
|
| 610 |
1 |
|
|a дефектоскопия
|
| 610 |
1 |
|
|a неразрушающие методы
|
| 610 |
1 |
|
|a радиография
|
| 610 |
1 |
|
|a радиографические методы
|
| 610 |
1 |
|
|a электронная дефектоскопия
|
| 610 |
1 |
|
|a английский язык
|
| 675 |
|
|
|a 620.179.1
|v 3
|
| 801 |
|
1 |
|a RU
|b 63413507
|c 20071115
|g PSBO
|
| 801 |
|
2 |
|a RU
|b 63413507
|c 20071127
|g PSBO
|
| 942 |
|
|
|c BK
|